| 000 | 01522cac a2200313 a 4500 | ||
|---|---|---|---|
| 003 | CO-PeBPM | ||
| 005 | 20260413163338.0 | ||
| 007 | ta | ||
| 008 | 231129s2016||||ck a||||||||||||| ||spa|| | ||
| 020 | _a9789583043963 | ||
| 040 |
_aCO-PeBPM _bspa _cCO-PeBPM _erda |
||
| 041 | _aspa | ||
| 082 | 0 | 4 |
_a(i) 819.3 Ch486m _222 |
| 100 | 1 |
_aChartrand, Lili _eautora |
|
| 245 | 0 |
_aEl monstruo al que le gustaba leer _c/ Texto Lili Chartrand; ilustraciones |
|
| 250 | _aPrimera edición | ||
| 264 |
_aBogotá, Colombia : Panamericana _b: Panamericana Editorial _c, 2016 |
||
| 300 |
_a[37] páginas _bilustraciones a color _c23 cm. |
||
| 490 | _aPlan Nacional de Lectura y Escritura Leer es mi Cuento / Ministerio de Cultura | ||
| 500 | _aEdición Especial. Colección para la primera infancia del Ministerio de Cultura, Plan Nacional de Lectura y Escritura, Leer es mi cuento 2016 | ||
| 520 | _aEn el límite de un fabuloso bosque, un gran monstruo descubre un día un objeto extraño. Luego de haberlo olido y lamido, lo abandona, furioso. ¡No tenía ningún sabor! Sin embargo este sorprendente objeto va a cambiar su vida...Tomado de la contracubierta del libro | ||
| 521 | _aRecomendado para niños de 4 a 6 años | ||
| 534 | _tLe gros monstre qui aimait trop lire | ||
| 650 | 1 | 7 |
_aLiteratura infantil canadiense _2LEMB |
| 650 | 1 | 7 |
_aCuentos Infantiles canadienses _2LEMB |
| 650 | 1 | 7 |
_aMonstruos en la literatura _2LEMB |
| 650 | 1 | 7 |
_aMiedo en la literatura _2LEMB |
| 942 |
_2ddc _cLITA |
||
| 999 |
_c11750 _d11750 |
||